| 000 | 01996nam a2200505 i 4500 | ||
|---|---|---|---|
| 001 | 40088 | ||
| 003 | KOSZ 005 | ||
| 005 | 20240405063131.0 | ||
| 008 | 200605s2000 pl g 000 0 pol | ||
| 015 | _aPB 2002/5612 | ||
| 020 | _a8388283650 | ||
| 040 |
_aWA N _cWA N _dKOSZ 005/RW |
||
| 045 |
_bd1918 _bd1920 |
||
| 046 | _k2000 | ||
| 080 | _a342.2(438) | ||
| 080 | _a347.9(438) | ||
| 080 | _a352/354.08(438) | ||
| 245 | 0 | 0 |
_aZbiór rozporządzeń Komisariatu Naczelnej Rady Ludowej oraz Ministra b. Dzielnicy Pruskiej z roku 1919 / _cdo druku przygotował, wstępem i przypisami opatrzył Bogusław Polak ; Politechnika Koszalińska. |
| 260 |
_aKoszalin : _bWydawnictwo Uczelniane Politechniki Koszalińskiej, _c2000. |
||
| 300 |
_a99 stron ; _c25 cm. |
||
| 336 |
_aTekst _btxt _2rdacontent |
||
| 337 |
_aBez urządzenia pośredniczącego _bn _2rdamedia |
||
| 338 |
_aWolumin _bnc _2rdacarrier |
||
| 380 | _aKsiążki | ||
| 380 | _aPublikacje naukowe | ||
| 388 | _a1901-2000 | ||
| 388 | _a1989-2000 | ||
| 490 | 1 |
_aŹródła do Dziejów Administracji Polskiej w XX Wieku ; _vt. 2. |
|
| 504 | _aBibliografia na stronie 6. | ||
| 648 | 7 | _a1901-2000 | |
| 648 | 7 | _a1918-1939 | |
| 650 | 7 | _aPrawo | |
| 651 | 7 | _aPoznańskie, województwo | |
| 651 | 7 | _aPomorskie, województwo | |
| 655 | 7 | _aWydawnictwo źródłowe | |
| 658 | _aHistoria | ||
| 658 | _aPrawo i wymiar sprawiedliwości | ||
| 658 | _aPolityka, politologia, administracja publiczna | ||
| 700 | 1 |
_aPolak, Bogusław _d(1945-) _eOpracowanie |
|
| 710 | 2 |
_aWydawnictwo Uczelniane (Politechnika Koszalińska) _4pbl |
|
| 830 | 0 |
_aŹródła do Dziejów Administracji Polskiej w XX Wieku _vt. 2 |
|
| 856 |
_uhttp://koha.tu.koszalin.pl/cgi-bin/koha/opac-detail.pl?biblionumber=40088 _yKatalog online BPK |
||
| 856 |
_uhttp://dlibra.tu.koszalin.pl/dlibra/docmetadata?id=717&from=&dirids=1&ver_id=&lp=1&QI= _yBiblioteka Cyfrowa |
||
| 942 |
_2UKD _cKS |
||
| 999 |
_c40088 _d40088 |
||